00353nam a22001217a 4500999001900000003000400019082001600023245004900039300000900088546001200097942001200109952011000121 c161799d161799OSt a630bGOP/WH aWhat India can do differently in agriculture a86p. aEnglish 2ddccBK 00102ddc40708GenaKAUCLVbKAUCLVcGENERALd2018-09-19l0o630 GOP/WHp808812r2018-09-19 00:00:00yBK